ბათუმის შოთა რუსთაველის სახელმწიფო უნივერსიტეტის ბიბლიოთეკა

საოჯახო სამართალი:(თეორია და პრაქტიკა) (ბიბ.ჩანაწერი № 49384)

000 -LEADER
fixed length control field 00970nam a2200265Ia 4500
001 - CONTROL NUMBER
control field 16303
003 - CONTROL NUMBER IDENTIFIER
control field GE_BSU
008 - FIXED-LENGTH DATA ELEMENTS--GENERAL INFORMATION
fixed length control field 181216s||||||||xx |||||||||||||| ||und||
020 ## - INTERNATIONAL STANDARD BOOK NUMBER
International Standard Book Number 9789941100867
040 ## - CATALOGING SOURCE
Transcribing agency GE_BSU
080 ## - UNIVERSAL DECIMAL CLASSIFICATION NUMBER
Universal Decimal Classification number 347.61/64(075.8)
100 ## - MAIN ENTRY--PERSONAL NAME
Personal name შენგელია რომან, შენგელია ეკეტერინე.
245 ## - TITLE STATEMENT
Title საოჯახო სამართალი:(თეორია და პრაქტიკა)
245 ## - TITLE STATEMENT
Remainder of title სახელმძღვ.სტუდ.
245 ## - TITLE STATEMENT
Statement of responsibility, etc. რედ:ჯონი ხეცურიანი, ლადო ჭანტურია.
250 ## - EDITION STATEMENT
Edition statement მე-3 გამოცემა
260 ## - PUBLICATION, DISTRIBUTION, ETC.
Place of publication, distribution, etc. თბილისი
260 ## - PUBLICATION, DISTRIBUTION, ETC.
Name of publisher, distributor, etc. მერიდიანი
260 ## - PUBLICATION, DISTRIBUTION, ETC.
Date of publication, distribution, etc. 2013.
300 ## - PHYSICAL DESCRIPTION
Extent 484გვ;20სმ.
653 ## - INDEX TERM--UNCONTROLLED
Uncontrolled term სამართალი
653 ## - INDEX TERM--UNCONTROLLED
Uncontrolled term საოჯახო სამართალი.
942 ## - ADDED ENTRY ELEMENTS (KOHA)
Koha item type წიგნი
ეგზემპლარები
Withdrawn status Lost status Damaged status Not for loan Date acquired Barcode Date last seen Price effective from Koha item type
        2018-12-17 40703 2018-12-17 2018-12-17 წიგნი
        2018-12-17 40704 2018-12-17 2018-12-17 წიგნი